000 00658nam a2200169 i 4500
001 102054
003 ES-MaACL
005 20230906183034.0
007 t|
008 051103s1908 sp ||||1| spa d
110 2 _aCírculo de la Unión Mercantil e Industrial (Madrid)
_92827
245 1 0 _aMemoria presentada para la Junta de Gobierno a la General Ordinaria de Srs. socios el dia 31 de Enero de 1908 /
_cCírculo de la Unión Mercantil e Industrial.
260 _aMadrid :
_bJ. Palacios,
_c1908.
300 _a64 p., XXXIV ;
_c26 cm.
610 2 4 _aCírculo de la Unión Mercantil e Industrial (Madrid)-
_vMemorias.
_9150706
852 _aES-MaACL
_jF-11308
999 _c102054
_d102054